| 000 | 00730nam a2200241 i 4500 | ||
|---|---|---|---|
| 001 | bg | ||
| 100 | 1 | _aWALICKA, Anna. | |
| 245 | 1 | 0 |
_aMechanika płynów. _n1, _pWprowadzenie teoretyczne do laboratorium / _cAnna Walicka, Edward Walicki, Małgorzata Ratajczak. |
| 260 |
_aZielona Góra : _bRedakcja Wydawnictw Naukowo-Technicznych, _c2002. |
||
| 300 |
_a266 s. : _bil. ; _c24 cm. |
||
| 504 | _aBibliogr. | ||
| 650 | 9 | _aMechanika płynów | |
| 655 | _aPodręczniki akademickie | ||
| 700 | 1 | _aWaLICKI, Edward | |
| 700 | 1 | _aRATAJCZAK, Małgorzata | |
| 020 | _a8389044757 | ||
| 040 | _cBPK | ||
| 041 | 0 | _apol | |
| 080 | _a532(075.8) | ||
| 920 | _a83-89044-75-7 | ||
| 942 | _cKS | ||
| 008 | s pl f |000 0 pol | ||
| 999 |
_c42653 _d42653 |
||
| 856 |
_uhttp://koha.tu.koszalin.pl/cgi-bin/koha/opac-detail.pl?biblionumber=42653 _yKatalog online BPK |
||